000
00312nam a2200121Ia 4500
008
210430s9999 xx 000 0 und d
020
_a
978-969-8893-03-3
082
_a
M2141C 595.726
100
_a
Syed Khalid Mahmood
_9
1581
245
_a
Cricket Fever
_c
Syed Khalid Mahmood
300
_a
142
942
_c
BK
_2
ddc
999
_c
565341
_d
565341